| 000 | 00752nas a2200241 4500 | ||
|---|---|---|---|
| 001 | BR9206971 | ||
| 003 | BR-BrBNA | ||
| 005 | 20231205100441.0 | ||
| 007 | ta | ||
| 008 | 230509b bl.|||p| |||| 00| 00por d | ||
| 040 |
_aBR-BrBNA _bpor _cBiblioteca Nacional de Agricultura |
||
| 041 | _a(Pt) | ||
| 072 | _aE13; E21 | ||
| 100 | 1 | _aViana, C.N. | |
| 245 | 1 | _aOs fatores determinantes do primeiro surto de investimento em industria textil no Ceara (1881-1895) | |
| 650 | _aAlgodao | ||
| 650 | _aInvestimento | ||
| 650 | _aIndustria Textil | ||
| 650 | _aCeara | ||
| 773 | 0 |
_tRevista Economica do Nordeste (Brazil) _xISSN 0100-4956 _g(Jan-Mar 1990), v. 21(1) p. 67-106 _wBR9206971 |
|
| 909 |
_a202311 _bLúcia _c55 _dLúcia Elande |
||
| 942 |
_2AGRIS _n0 _cANA |
||
| 999 |
_c156097 _d156097 |
||